Регионална библиотека "Любен Каравелов" - Русе

Измама (Запис номер 147650)

MARC детайли
000 -Лидер
Контролно поле с фиксирана дължина nam a22 a 4500
003 - Код на организацията, давaща контролен номер
Контролно поле BLK
005 - Дата и час на последна редакция
Контролно поле 20230131131529.0
008 - Елементи от данни с фиксирана дължина
fixed length control field 180410b bul|||||r ||||||| ||bul||
010 ## - Наследен системен номер
LC control number KNG00153867000
040 ## - Източник на каталожния запис
Идентификатор на билиотеката - собственик на записа BLK
041 ## - Код за език
Код за езика на текст/звукозапис или на отделно заглавие Български
Код за езика КДБФ Български
080 ## - УДК
Текстов определител УДК Руска литература
УДК код - определител по УДК 821.161.1
УДК определител -93-32
УДК - код + определител 821.161.1-93-32
100 1# - Редна дума - Автор
Автор Лиханов, Алберт Анатолиевич
Авторска отговорност първи автор
R(LIN) 89207
139 ## - Редно поле
Редна дума Лиханов, Алберт Анатолиевич
Авторски знак Лих - Л 70
245 10 - Сведения за заглавието
Заглавие Измама
Подзаглавни данни Повест
Редно поле (дума) Алберт Анатолиевич Лиханов; прев. от рус. Емилия Гергова; худож. Михаил Асенов Руев.
257 ## - Страна на издаване
Страна на създаване/издаване СССР
260 ## - Област на издателските данни
Място на издаване, разпространение и проч. София
Име на издателя, разпространителя и проч. Нар. младеж
Година на издаване 1975
300 ## - Физическа характеристика
Страници 184 с.
Илюстрации и др. с ил.
Размери/Мащаб 20 см
380 ## - Жанр
Жанр Детска худож. лит.
490 ## - СЕРИИ (Колекции)
Име на серия Библиотека Аврора
9 (RLIN) 205340
490 ## - СЕРИИ (Колекции)
Име на серия Съветски писатели за деца и юноши
9 (RLIN) 205341
500 ## - Общи забележки
Забележка Ориг. загл. Обман. - Кн. е ч. 3 от трилогията Семейные обстоятельства. - 30 125 тир.
653 ## - Ключова дума – ненормативна
Ключова дума детска литература
653 ## - Ключова дума – ненормативна
Ключова дума литература за деца
700 1# - Други автори (авторска отговорност)
Лично име Гергова, Емилия
Автороска отговорност (Описва отношението между автора и произведението) прев. от рус.
9 (RLIN) 315060
700 1# - Други автори (авторска отговорност)
Лично име Руев, Михаил Асенов
Автороска отговорност (Описва отношението между автора и произведението) худож.
9 (RLIN) 379313
852 ## - Местоположение
Форматна сигнатура Цб 262779
856 4# - Електронен адрес и достъп
Електронен формат pdf - файл
Инструкция (цена за достъп) 0.53
Права за достъп disable
856 4# - Електронен адрес и достъп
Електронен формат pdf - файл
Инструкция (цена за достъп) 0.53
Права за достъп disable
999 ## - СИСТЕМНИ КОНТРОЛНИ НОМЕРА
Koha biblionumber 147650
Koha biblioitemnumber 147650
942 ## - АРТИКУЛИ
Вид на библиотечния материал Книги
Скрит в OPAC Не
Периодичен библиозапис Да
944 ## - СЪЗДАВАНЕ И РЕДАКЦИЯ на ЗАПИСА
Създаване/Редакция Създаване
Дата на регистрацията/редакция 26.11.2013
Статус, дата на статуса 26.11.2013 - от С1,Р / 26.11.2013
Служител, извършил регистрацията/редакцията Цветелин_Руменов
944 ## - СЪЗДАВАНЕ И РЕДАКЦИЯ на ЗАПИСА
Създаване/Редакция Редакция
Дата на регистрацията/редакция 18.09.2017
Статус, дата на статуса 26.11.2013 - от С1,Р / 26.11.2013
Служител, извършил регистрацията/редакцията Севдалина_Василева
999 ## - СИСТЕМНИ КОНТРОЛНИ НОМЕРА
Koha biblioitemnumber 147650
Наличности
Код за отписване Код за изгубен артикул Източник на класификационната схема Код за повреда Коз за рестрикции Код за отдаване Артикулен № Име на библиотеката - собственик Име на библиотеката, в която се намира в момента Статус (Текущо местоположение) Дата на вписване в системата Местоположение - отдел Цена в лева Инвентарен номер Систематично азбучна сигнатура Баркод Номер на екземпляра Цена в евро Служебна бележка Служебен тип на артикула Бележка за публиката
  Не е изгубен Universal Decimal Classification Не е повреден без рестрикции ползва се в читалня 245463 Регионална библиотека "Любен Каравелов" Русе Регионална библиотека "Любен Каравелов" Русе Хранилище 1975-01-01 Хранилище 0.53 191201 Цб 262779 120000191201 1 0.27 N: стар фонд Дата: 01.01.1975 Книги  
Изтеглен Не е изгубен   Не е повреден без рестрикции заемане за дома 245464 Регионална библиотека "Любен Каравелов" Русе Регионална библиотека "Любен Каравелов" Русе   1975-01-01 Детски отдел 0.53 191906 ДХ 820/899/Л 70 191906 2 0.27 N: стар фонд Дата: 01.01.1975 Дата инв: 18.09.2015 Бележки инв: Д2015 Книги Отч.N: 33/2017 , Дата: 04.09.2017
Изтеглен Не е изгубен   Не е повреден без рестрикции заемане за дома 245465 Регионална библиотека "Любен Каравелов" Русе Регионална библиотека "Любен Каравелов" Русе   1975-01-01 Детски отдел 0.53 191911 ДХ 820/899/Л 70 191911 3 0.27 N: стар фонд Дата: 01.01.1975 Дата инв: 11.09.2015 Бележки инв: Д2015 Книги Отч.N: 33/2017 , Дата: 04.09.2017
Vip Innovations Ltd, Rousse, Bulgaria 2025